Rekordná účasť maratóncov

Bibliographic Details
Main Author: (pk) (Author)
Format: Article
Language:Slovak
Subjects:

MARC

LEADER 00000nab a2200000 a 4500
001 vtls000923421
003 SK-MaSNL
005 20260303034719.0
008 040720e19970510xo 0 slo
035 |a KE32298 
040 |a KEVKJB  |b slo  |c KEVKJB  |e AACR2 
041 0 |a slo 
044 |a xo  |c SK 
080 |a 796.422  |2 1981 
100 0 |a (pk)  |4 aut  |9 626133 
245 1 0 |a Rekordná účasť maratóncov 
611 2 7 |a Budimírsky polmaratón 1997 (Budimír, Slovensko)  |2 KEVKJB  |9 168785 
650 0 7 |a ročník 5.  |2 SNK  |9 882826 
650 0 7 |a informácie  |2 KEVKJB  |9 1285 
650 0 7 |a polmaratón  |2 SNKPH  |9 883568 
651 7 |a Budimír (Slovensko)  |2 SNKPHgeo  |9 29563 
651 7 |a KS,  |2 KEVKJB  |9 880381 
655 7 |a periodikum  |2 SNKPH  |9 29553 
773 0 8 |t Sme  |g Roč. 5, č.106, 10.5.1997 
773 0 8 |i Príl.:  |t Sme na východe.- Roč. 2, č. 57 (10.05.1997), s. 4 
852 |a ZVYKNI  |b KIS3GCP 
999 |c 1674513  |d 1676443